<?xml version='1.0' encoding='UTF-8'?><?xml-stylesheet href='static/style.xsl' type='text/xsl'?><OAI-PMH xmlns="http://www.openarchives.org/OAI/2.0/" xmlns:xsi="http://www.w3.org/2001/XMLSchema-instance" xsi:schemaLocation="http://www.openarchives.org/OAI/2.0/ http://www.openarchives.org/OAI/2.0/OAI-PMH.xsd"><responseDate>2026-05-01T11:40:38Z</responseDate><request verb="GetRecord" identifier="oai:ebiltegia.mondragon.edu:20.500.11984/4985" metadataPrefix="marc">https://ebiltegia.mondragon.edu/oai/request</request><GetRecord><record><header><identifier>oai:ebiltegia.mondragon.edu:20.500.11984/4985</identifier><datestamp>2024-01-04T21:57:03Z</datestamp><setSpec>com_20.500.11984_1736</setSpec><setSpec>com_20.500.11984_1627</setSpec><setSpec>col_20.500.11984_1972</setSpec></header><metadata><record xmlns="http://www.loc.gov/MARC21/slim" xmlns:dcterms="http://purl.org/dc/terms/" xmlns:xsi="http://www.w3.org/2001/XMLSchema-instance" xmlns:doc="http://www.lyncode.com/xoai" xsi:schemaLocation="http://www.loc.gov/MARC21/slim http://www.loc.gov/standards/marcxml/schema/MARC21slim.xsd">
   <leader>00925njm 22002777a 4500</leader>
   <datafield ind2=" " ind1=" " tag="042">
      <subfield code="a">dc</subfield>
   </datafield>
   <datafield ind2=" " ind1=" " tag="720">
      <subfield code="a">Mondragon Unibertsitatea</subfield>
      <subfield code="e">author</subfield>
   </datafield>
   <datafield ind2=" " ind1=" " tag="260">
      <subfield code="c">2017-06-05</subfield>
   </datafield>
   <datafield ind2=" " ind1=" " tag="520">
      <subfield code="a">Uztailaren 6a arte egongo da irekita epea izena emateko Komunikazio Erakundeetan Aditu Tituluaren 3. edizioan. Graduondoa hasiko da urriaren 9an eta, aurreko edizioak bezala, aurrez aurreko eskolak emango dira, ostegun arratsaldetan, Aretxabaletako campusean. Mondragon Unibertsitateko titulu propio hau oso modu praktikoan antolatuta dago; bertan parte hartuko dute unibertsitateko irakasleek eta erakunde desberdinetako komunikazio arduradunek.</subfield>
   </datafield>
   <datafield ind2=" " ind1=" " tag="520">
      <subfield code="a">Hasta el próximo día 6 de julio estará abierta la inscripción en la tercera edición del Abierta la inscripción para el Título Experto en Comunicación en las Organizaciones. Como en la anteriores ediciones, las clases presenciales serán los jueves a la tarde y se llevarán a cabo en el campus de Aretxabaleta. Este título propio de Mondragon Unibertsitatea está organizado de una manera muy práctica y en él tomarán parte, además de docentes de la propia universidad, profesionales del mundo de la comunicación.</subfield>
   </datafield>
   <datafield ind1="8" ind2=" " tag="024">
      <subfield code="a">https://hdl.handle.net/20.500.11984/4985</subfield>
   </datafield>
   <datafield tag="653" ind2=" " ind1=" ">
      <subfield code="a">Humanitate eta Hezkuntza Zientzien Fakultatea</subfield>
   </datafield>
   <datafield ind2="0" ind1="0" tag="245">
      <subfield code="a">Komunikazioa Erakundeetan Aditu Tituluaren hirugarren edizioak ireki du izena emateko epea</subfield>
   </datafield>
   <datafield ind2="0" ind1="0" tag="245">
      <subfield code="a">Abierta la inscripción para la tercera edición del Título Experto en Comunicación en las Organizaciones</subfield>
   </datafield>
</record></metadata></record></GetRecord></OAI-PMH>